Statistics for Picture Chain #3

Click here to take the quiz!

General Stats

  • This quiz has been taken 95 times
  • The average score is 16 of 20

Answer Stats

Answer% Correct
Elevator
97%
Koala
97%
Microwave
97%
Daisy
94%
Origami
94%
Gecko
89%
Lemur
87%
Radish
86%
Shovel
86%
Syringe
86%
Urchin
78%
Chile
77%
Canal
76%
Labyrinth
72%
Algebra
70%
Veranda
69%
Mecca
67%
Sesame
66%
Thatch
60%
Incense
58%

Score Distribution

Percentile by Number Answered

Percent of People with Each Score

Your Score History

You have not taken this quiz